• 首页
  • 本馆介绍
  • 公告通知
  • 最新文献
  • 馆藏检索
  • 电子资源
  • 读者导购
  • 参考咨询
  • 我的图书馆
  • 登录
  • 详细信息显示
  • 放入我的书架
  • 预约/预借图书
  • 作者相关作品
  • 分类相关作品
  • 丛书相关作品
  • 出版社相关作品

书目信息

  • 表格格式
  • 工作单格式
  • 卡片格式
题名:
北京舞蹈学院教育教学管理论文集
    
 
作者: 许锐 主编
分册:  
出版信息: 北京   中央民族大学出版社  2017
页数: 214页
开本: 24cm
丛书名:
单 册:
中图分类: J7-42
科图分类:
主题词: 舞蹈艺术--教学研究--高等学校--文集
电子资源:
ISBN: 978-7-5660-1124-4
000 00919nam0 2200229 450
001 0104354380
005 20180130160839.0
010    @a978-7-5660-1124-4@dCNY48.00
100    @a20171121d2017 em y0chiy0120 ea
101 0  @achi
102    @aCN@b110000
105    @aa z 000yy
106    @ar
200 1  @a北京舞蹈学院教育教学管理论文集@9Bei Jing Wu Dao Xue Yuan Jiao Yu;Yo Jiao Xue Guan Li Lun Wen Ji @f许锐主编@b专著
210    @a北京@c中央民族大学出版社@d2017
215    @a214页@d24cm
330    @a本书收录了《北京舞蹈学院实践教学管理探索》、《论舞蹈与现代管理》、《浅谈北京舞蹈学院本科自主招生的发展愿景》、《关于艺术类院校加强选修课体系建设的思考》、《艺术院校交换生的特点及问题浅析》、《试论“学院奖”比赛的管理与实施》等文章。
606 0  @a舞蹈艺术@x教学研究@x高等学校@j文集
690    @aJ7-42@v5
701  0 @a许锐@c(舞蹈学)@4主编@9xu rui
801  0 @aCN@bAZmarc@c20230904
905    @aBZT@dJ7@e17@f3@sJ7/17
    
    北京舞蹈学院教育教学管理论文集/许锐主编.-北京:中央民族大学出版社,2017
    214页;24cm
    
    
    ISBN 978-7-5660-1124-4:CNY48.00
    本书收录了《北京舞蹈学院实践教学管理探索》、《论舞蹈与现代管理》、《浅谈北京舞蹈学院本科自主招生的发展愿景》、《关于艺术类院校加强选修课体系建设的思考》、《艺术院校交换生的特点及问题浅析》、《试论“学院奖”比赛的管理与实施》等文章。
●
相关链接 在五车中查询图书 在当当中查询图书 在豆瓣中查询图书


正题名:北京舞蹈学院教育教学管理论文集     索取号:J7/17         预约/预借

序号 登录号 条形码 馆藏地/架位号 状态 备注
1 2000008263   2000008263   旧书回溯/ [索取号:J7/17] 在馆    
2 2000008264   2000008264   旧书回溯/ [索取号:J7/17] 在馆    
3 2000008265   2000008265   旧书回溯/ [索取号:J7/17] 在馆    
山东省滨州职业学院图书馆 欢迎您!
大连网信软件有限公司© 版权所有